| 000 | 00665nam a2200193 u 4500 | ||
|---|---|---|---|
| 001 | 000002700 | ||
| 005 | 20200929150235.0 | ||
| 008 | 090703s2004 dr a r 000 0 spa d | ||
| 040 |
_aDO-SdBNP _bspa _cBNPHU |
||
| 082 |
_a334 _bM538a |
||
| 100 | 1 |
_aMéndez, Rafael _98437 |
|
| 245 | 1 | 0 |
_aApuntes básicos de cooperativismo moderno : _bpropuesta alternativa para un modelo económico / _cRafael Méndez. |
| 250 | _a4a ed. | ||
| 260 |
_aSanto Domingo : _bEditora Simbolo, _c2004. |
||
| 500 | _aIncluye datos biográficos | ||
| 650 | 4 |
_aCooperativismo _98303 |
|
| 700 | 1 |
_aMatos Sena, Andrés _eprólogo _98526 |
|
| 700 | 1 |
_aMéndez, Sary _ediagramación computarizada _98527 |
|
| 999 |
_c2536 _d2536 |
||